Countries most similar to Maldives - Statistics

General Stats
  • This quiz has been taken 29 times
  • The average score is 12 of 20
Answer Stats
Rank Country % Correct
11 India
100%
8 Indonesia
88%
4 Sri Lanka
88%
1 Mauritius
79%
2 Seychelles
79%
3 Comoros
75%
7 Malaysia
75%
5 Bangladesh
71%
9 Philippines
71%
6 Thailand
71%
12 Myanmar
67%
10 Brunei
58%
14 Cambodia
50%
15 Laos
50%
16 Nepal
46%
13 Vietnam
46%
18 Fiji
42%
20 Samoa
29%
19 Tonga
29%
17 Papua New Guinea
25%
No matching quizzes found
Score Distribution
Percent of People with Each Score
Percentile by Number Answered
Your Score History
You have not taken this quiz